000 01767nam a2200289Ia 4500
999 _c52899
_d52899
001 19929
003 GE_BSU
005 20200512232927.0
008 181216s1988||||ge |||||||||||||| ||geo||
040 _cGE_BSU
041 _ageo
080 _a81'374(038) = 353.1'35 ჯ-71
100 _aჯორბენაძე, ბ.
_97226
245 _aქართული ენის მორფემებისა და მოდალური ელემენტების ლექსიკონი :
_bმასალები ქართული ენის სისტემატური კურსისათვის /
_cბ. ჯორბენაძე, მ. კობაიძე, მ. ბერიძე ; მთ. რედ. თედო უთურგაიძე.
264 _aთბილისი :
_bმეცნიერება,
_c1988.
300 _a522 გვ. ;
_c 22 სმ.
504 _aბიბლიოგრ. : გვ. 509-521
541 _h10ლ.
653 _aმასალები ქართული ენის სისტემატური კურსისათვის
653 _aქართული ენის მორფემებისა და მოდალური ელემენტების ლექსიკონი
700 _aკობაიძე, მ.
_eავტორი
_98042
700 _aბერიძე, მ.
_eავტორი
_92335
700 _aუთურგაიძე, თედო
_eმთავარი რედაქტორი
_97872
710 _aსაქ. სსრ მეცნ. აკადემია
_98043
710 _aენათმეცნიერების ინსტიტუტი
_98044
942 _cBK
_2udc